Logo CIB grande

Elements Of Ocean Engineering (Registro nro. 229400)

Detalles MARC
000 -LEADER
campo de control de longitud fija 00659nam a2200217Ia 4500
005 - FECHA Y HORA DE LA ÚLTIMA TRANSACCIÓN
campo de control 20250425162439.0
008 - DATOS DE LONGITUD FIJA--INFORMACIÓN GENERAL
campo de control de longitud fija 250425s9999 xx 000 0 und d
020 ## - NÚMERO INTERNACIONAL ESTÁNDAR DEL LIBRO
Número Internacional Estándar del Libro 0939773244
041 ## - CÓDIGO DE IDIOMA
--
Código de lengua original eng
082 ## - NÚMERO DE LA CLASIFICACIÓN DECIMAL DEWEY
Número de clasificación 620.4162
Iniciales del Autor RAN
010 ## - NÚMERO DE CONTROL DE LA BIBLIOTECA DEL CONGRESO
Número de control de LC 74575
100 ## - ENTRADA PRINCIPAL--NOMBRE DE PERSONA
Nombre de persona Randall, Robert E.
245 #0 - MENCIÓN DEL TÍTULO
Título Elements Of Ocean Engineering
Mención de responsabilidad, etc. Robert E. Randall
250 ## - MENCION DE EDICION
Mención de edición Primera Edición
260 ## - PUBLICACIÓN, DISTRIBUCIÓN, ETC.
Lugar de publicación, distribución, etc. New Jersey
Nombre del editor, distribuidor, etc. The Society Of Naval Architects And Marine Engineers
Fecha de publicación, distribución, etc. 1997
300 ## - DESCRIPCIÓN FÍSICA
Extensión 332 páginas
Otras características físicas Ilustrado
Dimensiones 28.6 cm
500 ## - NOTA GENERAL
Nota general Tabla de contenido, apendices, índice
650 ## - PUNTO DE ACCESO ADICIONAL DE MATERIA--TÉRMINO DE MATERIA
Término de materia o nombre geográfico como elemento de entrada Ingeniería Oceánica
902 ## - ELEMENTOS DE DATOS B LOCAL, LDB (RLIN)
a Monográfico
c Impreso
942 ## - ELEMENTOS DE ENTRADA SECUNDARIOS (KOHA)
Tipo de ítem Koha Libros
Existencias
Estatus retirado Estado de pérdida Estado de daño No para préstamo Biblioteca de origen Biblioteca actual Fecha de adquisición Coste, precio normal de compra Etiqueta RFID Total de préstamos Código de barras Copia número Tipo de ítem Koha Nota pública
        CENTRO DE INFORMACIÓN BIBLIOTECARIA CENTRO DE INFORMACIÓN BIBLIOTECARIA 09/08/2010 98.00 0000000000000000037447   46249 1 Libros SNAME
        CENTRO DE INFORMACIÓN BIBLIOTECARIA CENTRO DE INFORMACIÓN BIBLIOTECARIA 29/06/2021 118.00 0000000000000000035183   80494 2 Libros Compra/Tecnilibro

Copyright 2025 ESPOL. Todos los derechos reservados.